Paroles : Live While We're Young - One Direction - Statistiques

Statistiques générales
  • Ce quiz a été pris 147 fois
  • Le résultat moyen est 232 sur 285
Statistiques - réponses
Réponse % Correct
I
99%
you
99%
live
98%
we
98%
We
98%
we're
98%
We're
98%
young
98%
a
95%
while
95%
let
93%
me
91%
The
91%
the
91%
to
91%
and
90%
And
90%
see
90%
crazy
89%
get
89%
so
89%
sun
89%
Let's
88%
let's
88%
go
86%
never
86%
on
86%
girl
85%
tonight
85%
Tonight
85%
'til
83%
do
81%
know
81%
it
78%
Yeah
78%
yeah
78%
I'm
77%
some
77%
Hey
75%
for
74%
it's
73%
love
73%
pretend
73%
what
72%
Come
70%
now
70%
waiting
70%
stop
69%
anyone
68%
but
68%
out
68%
celebration
67%
have
67%
memories
67%
down
64%
met
64%
only
64%
or
64%
Wanna
64%
wanna
64%
Just
63%
just
63%
cool
62%
doing
60%
oh
60%
that
60%
together
59%
we'll
59%
be
58%
make
57%
up
57%
music
56%
Don't
52%
too
52%
window's
52%
want
51%
your
51%
pretending
49%
if
47%
'bout
46%
phone
46%
keep
42%
pictures
40%
leave
37%
sneak
32%
overthink
20%
Aucun quiz correspondant
Distribution des résultats
% des personnes avec chaque résultat
Percentile par nombre de réponses
Votre historique - résultats
Vous n’avez pas pris ce quiz